[Event "Idaho Closed"]
[Site "Twin Falls, ID"]
[Date "2016.02.14"]
[Round "4.8"]
[White "Ong, Chong-Jin"]
[Black "Porth, Adam"]
[Result "1-0"]
[WhiteElo "1757"]
[BlackElo "1337"]
[EventRounds "6"]
[EventCountry "USA"]

1. e4 c6 2. d4 d5 3. exd5 cxd5 4. Bd3 Nc6 5. c3 Nf6 6. Bf4 e6 7. Nf3 Bd6 8.
Bg3 Bxg3 9. fxg3 Bd7 10. Nbd2 Qc7 11. Qe2 h6 12. O-O O-O-O 13. Ne5 Rdf8 14.
Ndf3 h5 15. Nxc6 Bxc6 16. Ne5 Ng4 17. Nxg4 hxg4 18. Qxg4 f5 19. Qf4 Qxf4 20.
gxf4 b5 21. b3 Kd7 22. a4 bxa4 23. bxa4 a5 24. Rfb1 Rb8 25. Bb5 Kd6 26. Ra2
Rhg8 27. Rab2 g5 28. Bxc6 Rxb2 29. Rxb2 gxf4 30. Bb5 e5 31. dxe5+ Kxe5 32.
Re2+ Kd6 33. Kf2 Kc5 34. Re6 d4 35. Re5+ Kd6 36. cxd4 Rf8 37. Kf3 Rh8 38. h3
Rg8 39. Rxf5 {#r} 1-0

[Event "Idaho Closed"]
[Site "Twin Falls, ID"]
[Date "2016.02.15"]
[Round "5.12"]
[White "Porth, Adam"]
[Black "Aderogba, Temiloluwa"]
[Result "1/2-1/2"]
[WhiteElo "1337"]
[BlackElo "1122"]
[EventRounds "6"]
[EventCountry "USA"]

1. d4 d5 2. c4 c6 3. g3 Nf6 4. Bg2 Bf5 5. Nc3 e6 6. Nf3 Nbd7 7. c5 Be7 8. O-O
O-O 9. Nh4 Bg6 10. Nxg6 hxg6 11. e4 dxe4 12. Nxe4 Nxe4 13. Bxe4 Nf6 14. Bg2
Rc8 15. b4 Nd5 16. a3 b6 17. Qd2 Qd7 18. Bxd5 exd5 19. Bb2 Rfe8 20. Rfe1 Bf6
21. Rxe8+ Rxe8 22. Re1 Kh7 23. a4 bxc5 24. Rxe8 Qxe8 25. dxc5 Bxb2 26. Qxb2
Qe1+ 27. Kg2 a6 28. Qd4 Qe2 29. Qh4+ Qh5 30. b5 axb5 31. Qxh5+ gxh5 32. a5 b4
33. a6 b3 34. a7 b2 35. a8=Q b1=Q 36. Qxc6 Qe4+ {#d} 1/2-1/2

[Event "Idaho Closed"]
[Site "Twin Falls, ID"]
[Date "2016.02.15"]
[Round "6.13"]
[White "Booth, Tom R"]
[Black "Porth, Adam"]
[Result "0-1"]
[WhiteElo "1517"]
[BlackElo "1337"]
[EventRounds "6"]
[EventCountry "USA"]

1. d4 d5 2. c4 c6 3. e3 e6 4. Nf3 Nf6 5. Nc3 Be7 6. Bd2 Nbd7 7. Be2 h6 8. O-O
Qc7 9. Rc1 O-O 10. Qc2 a6 11. e4 dxe4 12. Nxe4 Nxe4 13. Qxe4 Nf6 14. Qb1 Rd8
15. Be3 Ng4 16. Rfd1 Bf6 17. h3 Nxe3 18. fxe3 Qg3 19. Qe4 e5 20. Kf1 exd4 21.
exd4 Bxh3 22. gxh3 Qxh3+ 23. Kf2 Re8 24. Qf4 Qe6 25. Bf1 Qe4 26. Qxe4 Rxe4 27.
Bd3 Rf4 28. Kg3 g5 29. Ne5 Kg7 30. Nf3 h5 31. Rg1 h4+ 32. Kg2 Rg4+ 33. Kh3 Rf4
34. Nxg5 Bxg5 35. Rxg5+ Kf6 36. Rf5+ Rxf5 37. Bxf5 Kxf5 38. Kxh4 Ke4 39. Rd1
f5 40. Kg3 f4+ 41. Kf2 Rd8 42. Re1+ Kd3 43. Kf3 Rxd4 44. b3 Kc3 45. Re7 b5 46.
cxb5 cxb5 47. Ra7 Rd6 48. Kxf4 Kb2 49. Ke5 Rh6 50. a4 b4 51. Kd4 Kxb3 52. a5
Ka4 53. Kd3 Kxa5 54. Kc2 Ka4 55. Kb2 a5 56. Rb7 Rh2+ 57. Kb1 Kb3 58. Kc1 a4
59. Re7 a3 60. Re3+ Ka4 61. Kb1 Rh4 62. Ka2 Rc4 63. Rg3 Rc3 64. Rg4 Kb5 65.
Rg5+ Rc5 66. Rg3 Rd5 67. Rh3 Kc4 68. Rg3 Rd3 69. Rg4+ Kc3 70. Rg8 Kc2 71. Rc8+
Rc3 72. Rh8 b3+ 73. Kxa3 b2+ 74. Ka4 b1=Q 75. Rh2+ Kd3 {#R} 0-1

[Event "ICA Spring Open (Reserve)"]
[Site "Pocatello, ID"]
[Date "2016.04.23"]
[Round "1.2"]
[White "Porth, Adam"]
[Black "Ang, Ching-E Nobel"]
[Result "1-0"]
[WhiteElo "1364"]
[BlackElo "1241"]
[EventRounds "4"]
[EventCountry "USA"]

1. d4 Nf6 2. c4 e6 3. Nf3 b6 4. g3 Bb7 5. Bg2 Be7 6. Nc3 d6 7. O-O Nbd7 8. e3
O-O 9. b3 Rb8 10. Bb2 c5 11. dxc5 Nxc5 12. Nb5 a6 13. Nbd4 e5 14. Nf5 e4 15.
N3d4 Nd3 16. Bc3 Rc8 17. Nxe7+ Qxe7 18. Nf5 Qd8 19. Bxf6 Qxf6 20. Bh3 Rcd8 21.
Qc2 Rfe8 22. Nd4 Re5 23. f4 Rh5 24. Bg4 Rh6 25. Rad1 g6 26. Ne2 Qe7 27. Nc1
Nxc1 28. Qxc1 f5 29. Be2 Rc8 30. Qa3 Rd8 31. Rd2 g5 32. c5 dxc5 33. Rxd8+ Qxd8
34. Rd1 Qe7 35. Bxa6 gxf4 36. exf4 Bxa6 37. Qxa6 e3 38. Qc8+ Kf7 39. Rd7 Re6
40. Rxe7+ Rxe7 41. Qxf5+ Ke8 42. Qh5+ Kd8 43. Qe2 Kc7 44. Kg2 Kc6 45. Kf3 b5
46. f5 Kd5 47. Qxb5 e2 48. Qxe2 Rxe2 49. Kxe2 Ke5 50. g4 h6 51. a4 Kf6 52. a5
Ke7 53. a6 Kd7 54. a7 Kc7 55. a8=Q {#r} 1-0

[Event "ICA Spring Open (Reserve)"]
[Site "Pocatello, ID"]
[Date "2016.04.23"]
[Round "4.2"]
[White "Porth, Adam"]
[Black "Porth, Darwin Albert"]
[Result "1-0"]
[WhiteElo "1364"]
[BlackElo "519"]
[EventRounds "4"]
[EventCountry "USA"]

1. d4 e6 2. c4 d5 3. Nf3 c5 4. e3 b6 5. g3 a5 6. Bg2 Bd6 7. Nc3 Ne7 8. O-O Bd7
9. cxd5 exd5 10. dxc5 Bxc5 11. Ne5 Qc7 12. Nxd7 Nxd7 13. Nxd5 Nxd5 14. Bxd5
Rc8 15. Qf3 Ne5 16. Qe4 f6 17. f4 Bd6 18. fxe5 Bxe5 19. Qf5 Qd8 20. Qe6+ Qe7
21. Qxc8+ Qd8 22. Qe6+ Qe7 23. Bc6+ Kf8 24. Qc8+ Kf7 25. Bd5+ Kg6 26. Qg4+ Kh6
27. e4+ g5 28. Bxg5+ fxg5 29. Rac1 Bd4+ 30. Kg2 Qe5 31. Rc6+ Kg7 32. Qd7+ {#r}
1-0

[Event "Idaho Open"]
[Site "Boise, ID"]
[Date "2016.06.18"]
[Round "2.6"]
[White "Morrow, Hans M"]
[Black "Porth, Adam"]
[Result "1-0"]
[WhiteElo "1927"]
[BlackElo "1376"]
[EventRounds "5"]
[EventCountry "USA"]

1. d4 Nf6 2. c4 g6 3. Nf3 Bg7 4. Nc3 d6 5. Bf4 b6 6. e3 Bb7 7. Be2 Nbd7 8. Rc1
c6 9. O-O O-O 10. h3 Qc7 11. Bh2 Rfe8 12. a4 a5 13. Nd2 Rad8 14. f4 e6 15. Rf2
Nf8 16. Bf3 Qd7 17. Nde4 Ba6 18. b3 d5 19. Nxf6+ Bxf6 20. cxd5 cxd5 21. Be2
Bxe2 22. Rxe2 Qb7 23. Nb5 Be7 24. Nc7 Bb4 25. Nxe8 Rxe8 26. Rec2 Qa6 27. Bg3
Ba3 28. Ra1 Bb4 29. Rc6 h5 30. Qf1 Qa7 31. Qb5 Rb8 32. Be1 Be7 33. Rac1 Bf6
34. Kf2 Bg7 35. g4 h4 36. Kf3 Bf6 37. g5 Bg7 38. Bxh4 Qd7 39. Rxb6 Rxb6 40.
Qxb6 e5 41. dxe5 Qxh3+ 42. Bg3 Bxe5 43. fxe5 Ne6 44. Rg1 Nxg5+ 45. Ke2 Qg4+
46. Kd3 Qe4+ 47. Kc3 Nf3 48. Qd8+ Kg7 49. Qf6+ Kf8 50. Qd6+ Kg7 51. Rh1 Qxe3+
52. Kb2 Qd2+ 53. Ka3 Qg5 54. Qf6+ Qxf6 55. exf6+ {#r} 1-0

[Event "Idaho Open"]
[Site "Boise, ID"]
[Date "2016.06.18"]
[Round "3.9"]
[White "Porth, Adam"]
[Black "Ang, Ching-E Nobel"]
[Result "1-0"]
[WhiteElo "1376"]
[BlackElo "1198"]
[EventRounds "5"]
[EventCountry "USA"]

1. d4 Nf6 2. c4 e6 3. Nf3 b6 4. g3 Bb7 5. Bg2 Bb4+ 6. Bd2 Bxd2+ 7. Nbxd2 d6 8.
O-O Nbd7 9. Rc1 c5 10. e3 d5 11. Re1 O-O 12. b3 Rc8 13. Rc2 Re8 14. Qa1 Qe7
15. a4 e5 16. Nh4 e4 17. Nf5 Qe6 18. Bh3 Qc6 19. Qa3 g6 20. Nh4 Rc7 21. Ng2
Bc8 22. Qb2 Nf8 23. Bxc8 Rexc8 24. dxc5 bxc5 25. Nf4 N8d7 26. Rd1 g5 27. Ne2
Re8 28. cxd5 Nxd5 29. Nd4 Qf6 30. Nb5 Qxb2 31. Rxb2 Rc6 32. Nxa7 Rb6 33. Nc4
Ra6 34. Nb5 N7f6 35. Rbd2 Re7 36. Rxd5 Nxd5 37. Rxd5 f6 38. Rxc5 Rd7 39. Ncd6
Re7 40. Rf5 Kg7 41. Rc5 Re6 42. Nf5+ Kg6 43. Nc7 {#r} 1-0

[Event "Idaho Open"]
[Site "Boise, ID"]
[Date "2016.06.19"]
[Round "5.7"]
[White "Schwab, Kyle J"]
[Black "Porth, Adam"]
[Result "1/2-1/2"]
[WhiteElo "1108"]
[BlackElo "1376"]
[EventRounds "5"]
[EventCountry "USA"]

1. e4 c6 2. Nf3 d5 3. exd5 cxd5 4. d4 a6 5. Nc3 Nf6 6. Bg5 e6 7. Bd3 Be7 8.
Bxf6 Bxf6 9. O-O Nc6 10. Be2 Qb6 11. Na4 Qa7 12. c3 O-O 13. Qd2 Be7 14. b4 b5
15. Nc5 Qc7 16. Nd3 Re8 17. Nde5 Bf6 18. Nxc6 Qxc6 19. Ne5 Qc7 20. f4 Bb7 21.
Qe3 Rac8 22. Rac1 Bc6 23. g4 a5 24. g5 Bxe5 25. fxe5 Qe7 26. a3 Ra8 27. h4
axb4 28. cxb4 Rec8 29. Rc3 Be8 30. Rfc1 Rxc3 31. Rxc3 f5 32. gxf6 gxf6 33.
Qg3+ Qg7 34. exf6 Qxg3+ 35. Rxg3+ Kf7 36. Bh5+ Kxf6 37. Rg8 Rxa3 38. Rf8+ Kg7
39. Rxe8 Rh3 40. Re7+ Kh6 41. Be8 Rxh4 42. Rxe6+ Kg7 43. Bxb5 Rxd4 44. Rd6
Rxb4 45. Rxd5 Kf6 46. Bd3 h6 47. Kf2 h5 48. Rxh5 Ke6 49. Ke3 Rb3 50. Kd4 Kf6
51. Rh6+ Ke7 52. Kc4 Rb8 53. Kc3 Rd8 54. Kc4 Rc8+ 55. Kb5 Rb8+ 56. Ka6 Rd8 57.
Rh7+ Kf6 58. Bb5 Ke5 59. Bc6 Kd4 60. Kb6 Rf8 61. Rh5 Rb8+ 62. Bb7 Rd8 63. Kc7
Rf8 64. Rd5+ Ke3 {#d} 1/2-1/2

[Event "Idaho Blitz Chess Championship"]
[Site "Boise, ID"]
[Date "2016.07.16"]
[Round "6.1"]
[White "Lang, Jamie"]
[Black "Porth, Adam"]
[Result "0-1"]
[WhiteElo "1307"]
[BlackElo "1196"]
[EventType "blitz"]
[EventRounds "8"]
[EventCountry "USA"]

1. e4 c6 2. d4 d5 3. exd5 cxd5 4. Nc3 Nf6 5. Bb5+ Bd7 6. Bxd7+ Nbxd7 7. Nf3 e6
8. O-O Be7 9. Re1 O-O 10. Bf4 h6 11. h3 Bb4 12. Qd3 Re8 13. a3 Ba5 14. b4 Bb6
15. Ne5 Rc8 16. Nb5 Nb8 17. Nxf7 Kxf7 18. Nd6+ Kg8 19. Nxe8 Qxe8 20. Be5 Ne4
21. Rxe4 dxe4 22. Qxe4 Qf7 23. Qg4 Nd7 24. Rc1 Nxe5 25. dxe5 Qxf2+ 26. Kh2 Qf7
27. c4 Re8 28. c5 Bc7 29. Rd1 Bxe5+ 30. Kg1 Rf8 31. Re1 Qf2+ {#R} 0-1

[Event "Idaho Blitz Chess Championship"]
[Site "Boise, ID"]
[Date "2016.07.16"]
[Round "6.2"]
[White "Porth, Adam"]
[Black "Lang, Jamie"]
[Result "1-0"]
[WhiteElo "1196"]
[BlackElo "1307"]
[EventType "blitz"]
[EventRounds "8"]
[EventCountry "USA"]

1. d4 Nf6 2. c4 e6 3. Nf3 Bb4+ 4. Bd2 Bxd2+ 5. Nbxd2 O-O 6. g3 d5 7. Bg2 Nbd7
8. O-O b6 9. Rc1 Bb7 10. Re1 c5 11. cxd5 Bxd5 12. e4 Bb7 13. dxc5 Nxc5 14. Ne5
Qd4 15. Ndf3 Qxd1 16. Rcxd1 Ncxe4 17. Nh4 Bd5 18. b3 Nc3 19. Ra1 Bxg2 20. Nxg2
Nfd5 21. Nd7 Rfd8 22. Ne5 f6 23. Nc6 Rd6 24. Nd4 Nb4 25. Rxe6 Rxd4 26. Rae1
Kf8 27. Nf4 Rd1 28. Rxd1 Nxd1 29. Rd6 Nxa2 30. Rxd1 Nc3 31. Rd7 Ne4 32. Ne6+
Ke8 33. Rxg7 a5 34. Rxh7 a4 35. bxa4 Rxa4 36. Rh8+ Ke7 37. Nc7 Ra1+ 38. Kg2
Ra2 39. Kf3 Nxf2 40. Rh7+ Kd6 41. Nb5+ Kc6 42. Nd4+ Kd5 43. Ne2 Ke6 44. Nd4+
Kd5 45. Nb3 Ra3 46. Rd7+ Ke6 47. Rd2 Rxb3+ 48. Kxf2 b5 49. Ke2 b4 50. Kd1 Ke5
51. Kc2 Rc3+ 52. Kb2 Ke4 53. Rd8 Kf3 54. h4 Kxg3 55. h5 Kg4 56. h6 Rh3 57.
Rd4+ Kg5 58. Rxb4 Rxh6 59. Rb5+ Kg6 60. Kc3 Rh5 61. Rb4 f5 62. Kd3 Rg5 63. Ke3
Rg4 64. Rb6+ Kg5 65. Kf3 f4 66. Rb5+ {(Time Forfeit)} {#r} 1-0

[Event "Idaho Open"]
[Site "Pocatello, Idaho"]
[Date "2017.04.22"]
[Round "1"]
[White "Derrberry, DeWayne"]
[Black "Porth, Adam"]
[Result "1/2-1/2"]
[WhiteElo "1740"]
[BlackElo "1391"]

1.d4 d5 2.e3 Nf6 3.Bd3 e5 4.dxe5 Ng4 5.Nf3 Nc6 6.O-O Ngxe5 (6...Ncxe5 7.Be2
Bd6 8.Nbd2 c6 9.Nxe5 Nxe5 10.Nf3 O-O 11.Bd2 Nxf3+ 12.Bxf3 Qh4 13.g3 Qf6 14.Bc3
Be5 15.Bxe5 Qxe5 16.c3 Bh3 17.Bg2 Bxg2 18.Kxg2 Qe4+ 19.Kg1 f5 20.Qd4 Qf3
21.Qf4 Qe4 22.Qxe4 dxe4 23.Rfd1 Rfd8 24.Kf1 Kf7 25.Ke2 Ke6 26.Rd4 Rd6 27.g4
Rd5 28.Rxd5 cxd5 29.gxf5+ Kxf5 30.Rd1 Ke5 31.Rg1 Kf6 32.Rd1 Ke5) 7.Be2 Bd6
8.Nbd2 {#d} 1/2-1/2


[Site "Twin Falls, ID"]
[Date "2006.05.27"]
[Round "2.3"]
[White "Porth, Adam"]
[Black "Barkell, Kenrick Cameron"]
[Result "0-1"]
[WhiteElo "575"]
[BlackElo "1728"]

1. e4 c5 2. Nc3 e6 3. Nf3 Nc6 4. g3 Nf6 5. h3 d5 6. exd5 exd5 7. d3 Be7 8. a3
a6 9. Ne2 b5 10. Bg2 Bb7 11. O-O d4 12. Nh4 Nd5 13. Nf5 Bf6 14. Re1 O-O 15.
Bh6 gxh6 16. Nxh6+ Kh8 17. Be4 Bg5 18. Nf5 Nde7 19. h4 Nxf5 20. Bxf5 Bxh4 21.
Nf4 Rg8 22. Qh5 Rg7 23. Ng2 Qg5 24. Qf3 Bxg3 25. Kf1 Bxf2 26. Re2 Be3 27. Qh3
Qf4+ 28. Ke1 Qg3+ 29. Kd1 Qxh3 30. Bxh3 Rg3 31. Bf5 Ne5 32. Be4 Bxe4 33. dxe4
Nc4 34. c3 d3 35. Re1 Nxb2# 0-1

[Event "Idaho Closed"]
[Site "Twin Falls, ID"]
[Date "2009.02.14"]
[Round "2.7"]
[White "Porth, Desmond"]
[Black "Buckendorf Jr., Glen"]
[Result "0-1"]
[WhiteElo "226"]
[BlackElo "1800"]

1. e4 c5 2. Nc3 Nc6 3. g3 d6 4. Bg2 g6 5. Nf3 Bg7 6. O-O e5 7. d3 Nge7 8. Ng5
h6 9. Nf3 Be6 10. Be3 Qd7 11. Nh4 g5 12. Nf5 Nxf5 13. exf5 Bxf5 14. Qh5 Bg4
15. Bh3 Bxh5 16. Bxd7+ Kxd7 17. Nd5 Bf3 18. c4 Bxd5 19. cxd5 Ne7 20. f4 Nxd5
21. Bd2 exf4 22. gxf4 Bd4+ 23. Kg2 Nxf4+ 24. Bxf4 gxf4 25. Rxf4 f6 26. h4
Rhg8+ 27. Kh3 Rg6 28. Rg4 Rxg4 29. Kxg4 b6 30. Kh5 Bxb2 31. Rh1 Ke6 32. Kxh6
Rh8+ 33. Kg6 f5 34. h5 f4 35. h6 f3 36. Rf1 Rf8 37. h7 f2 38. a3 Be5 39. a4
Rf3 40. h8=Q Bxh8 41. Kg5 Bd4 42. Kg4 Rxd3 43. a5 b5 44. a6 b4 45. Kf4 c4 46.
Ke4 d5+ 47. Kf4 Re3 48. Rb1 Re1 49. Rb2 f1=Q+ 50. Kg3 Re3+ 51. Kh4 Qh1+ 52.
Kg4 Qg1+ 53. Rg2 Qxg2+ {#R} 0-1

[Event "Idaho Closed"]
[Site "Twin Falls, ID"]
[Date "2009.02.15"]
[Round "3.10"]
[White "Simonson, Jay L"]
[Black "Porth, Desmond"]
[Result "0-1"]
[WhiteElo "689"]
[BlackElo "226"]

1. e4 e5 2. Nf3 Nc6 3. d4 Bd6 4. Bc4 Qe7 5. Ng5 Nh6 6. Qf3 Nxd4 7. Qc3 Bb4 8.
Bxf7+ Nxf7 9. O-O Ne2+ 10. Kh1 Bxc3 11. Nxc3 Nxc1 12. Nd5 Qxg5 13. Nxc7+ Kf8
14. Nxa8 Ne2 15. g3 Nh6 16. Nc7 d6 17. Rad1 Nd4 18. f4 Qh5 19. fxe5+ Nf3 20.
Rf2 Ng4 21. h4 Nxf2+ 22. Kg2 Nxd1 {#R} 0-1

[Event "Idaho Closed"]
[Site "Twin Falls, ID"]
[Date "2009.02.15"]
[Round "4.8"]
[White "Porth, Desmond"]
[Black "Abderhalden, Katherine Louise"]
[Result "0-1"]
[WhiteElo "226"]
[BlackElo "1543"]

1. e4 c5 2. Nc3 Nc6 3. Nf3 e6 4. g3 Nf6 5. e5 Nd5 6. Bg2 d6 7. Nxd5 exd5 8.
exd6 Bxd6 9. d4 cxd4 10. Nxd4 Bc5 11. c3 O-O 12. O-O Qb6 13. Be3 Be6 14. b4
Bxd4 15. cxd4 Qxb4 16. Rb1 Qe7 17. Rb5 Qd7 18. Qb3 Rfd8 19. Rd1 b6 20. Bg5 f6
21. Bf4 Rac8 22. Be3 Na5 23. Qb2 Nc4 24. Qc3 Nd6 25. Qb4 Nxb5 26. Bf1 Nd6 27.
Ba6 Rc7 28. Bf4 Qe7 29. h4 b5 30. a4 g5 31. hxg5 fxg5 32. Be3 bxa4 33. Qxa4
Ne4 34. f4 Nc3 35. Qc2 Nxd1 36. Qxd1 Bc8 37. Bd3 Qxe3+ 38. Kf1 Rc1 39. Qxc1
Qxc1+ 40. Kf2 gxf4 41. gxf4 Qxf4+ 42. Ke2 Bg4+ 43. Ke1 Qe3+ {#R} 0-1

[Event "Idaho Closed"]
[Site "Twin Falls, ID"]
[Date "2009.02.16"]
[Round "5.11"]
[White "Ye, Michael"]
[Black "Porth, Desmond"]
[Result "1-0"]
[WhiteElo "1055"]
[BlackElo "226"]

1. e4 e5 2. Nf3 Nc6 3. Bc4 d6 4. d3 Bg4 5. Nc3 Bxf3 6. Qxf3 Nh6 7. Bxh6 Qf6 8.
Qxf6 gxf6 9. Bxf8 Rxf8 10. Nd5 O-O-O 11. Nxf6 Rh8 12. c3 Rdf8 13. a4 h5 14. a5
a6 15. b4 Rh6 16. Nd5 Nd8 17. Ne7+ Kd7 18. Nf5 Rf6 19. h3 b5 20. Bb3 Ne6 21.
Bxe6+ fxe6 22. Ng3 h4 23. Ne2 Rxf2 24. Rg1 c5 25. Kd2 cxb4 26. cxb4 d5 27.
Rad1 d4 28. Rc1 Kd6 29. Ke1 R2f7 30. Rc5 Rc7 31. Rxc7 Kxc7 32. Rf1 Rg8 33. Kf2
Rf8+ 34. Kg1 Rg8 35. Rf7+ Kd8 36. Ra7 Re8 37. Rxa6 Kc7 38. Ra7+ Kc6 39. Nc1
Rc8 40. Nb3 Rc7 41. Rxc7+ Kxc7 42. Nc5 Kb8 43. g3 hxg3 44. Kg2 Kc7 45. Kxg3
Kb8 46. h4 Kc8 47. h5 Kc7 48. h6 Kd6 49. h7 Kc6 50. h8=Q Kc7 51. Qg7+ Kb8 52.
Qb7# 1-0

[Event "Idaho Closed"]
[Site "Twin Falls, ID"]
[Date "2009.02.16"]
[Round "6.13"]
[White "Porth, Desmond"]
[Black "Pemsler, Carmen"]
[Result "0-1"]
[WhiteElo "226"]
[BlackElo "626"]

1. Nf3 d5 2. d4 Nf6 3. g3 g6 4. Bg2 Bg7 5. O-O O-O 6. Nc3 Bg4 7. Bg5 Nc6 8.
Ne5 Re8 9. Nxc6 bxc6 10. f3 Bf5 11. e4 dxe4 12. fxe4 Bg4 13. Qd2 c5 14. e5 Nh5
15. Bxa8 Qxa8 16. dxc5 Rd8 17. Qc1 Bh3 18. Rf2 Bxe5 19. Bxe7 Re8 20. Bh4 Bd4
21. Qd2 Qg2# 0-1

[Event "Idaho Closed"]
[Site "Boise, ID"]
[Date "2010.02.13"]
[Round "1.17"]
[White "Stewart, David Wayne"]
[Black "Porth, Dylan"]
[Result "1-0"]
[WhiteElo "1516"]
[BlackElo "600"]

1. e4 e5 2. Nc3 Nc6 3. Bc4 Nf6 4. f4 exf4 5. e5 Nxe5 6. Qe2 Bd6 7. d4 Ng8 8.
Nf3 Nh6 9. dxe5 Bb4 10. Bxf4 Be7 11. O-O-O O-O 12. Bxh6 gxh6 13. Nd5 Bg5+ 14.
Nxg5 Qxg5+ 15. Kb1 d6 16. Nf6+ Kh8 17. h4 Qg7 18. Rdf1 Qg6 19. Bd3 Qg7 20. Qe4
Qg6 21. Qf4 Bf5 22. Bxf5 Qg7 23. Nh5 Qxg2 24. Qxh6 Rg8 25. Qxh7# 1-0

[Event "Idaho Closed"]
[Site "Boise, ID"]
[Date "2010.02.13"]
[Round "2.16"]
[White "Porth, Dylan"]
[Black "Lang, Jamie"]
[Result "0-1"]
[WhiteElo "600"]
[BlackElo "1219"]

1. e4 e5 2. Nf3 Nc6 3. Nc3 Bb4 4. Bb5 d6 5. Bxc6+ bxc6 6. d4 Bg4 7. O-O Nf6 8.
Bg5 O-O 9. dxe5 dxe5 10. Qxd8 Raxd8 11. Rad1 Rd6 12. Rxd6 cxd6 13. Be3 a5 14.
a3 Bxc3 15. bxc3 Nxe4 16. c4 c5 17. Bg5 f6 18. Bd2 Bxf3 19. gxf3 Nxd2 20. Rd1
Nxc4 21. Ra1 Rb8 22. a4 Rb2 23. c3 Rb3 24. Rc1 Nb6 25. Rd1 d5 26. h4 Rxc3 27.
Kg2 Rc4 28. h5 Rxa4 29. Rc1 Rc4 30. Rxc4 dxc4 31. Kf1 Kf7 32. Ke1 g6 33. h6 g5
34. Kd1 Kg6 35. Kd2 Kxh6 36. Kc3 Kg6 37. Kb2 h5 38. Kc1 h4 39. Kd1 h3 40. Ke1
a4 41. Kf1 a3 42. Ke1 a2 43. Kd1 a1=Q+ 44. Ke2 Qb2+ 45. Kf1 Qc1+ 46. Ke2 Qc2+
47. Ke3 Nd5# 0-1

[Event "Idaho Closed"]
[Site "Boise, ID"]
[Date "2010.02.14"]
[Round "3.19"]
[White "Patterson, Katie Rae"]
[Black "Porth, Dylan"]
[Result "1-0"]
[WhiteElo "978"]
[BlackElo "600"]

1. c4 e5 2. Nc3 Nc6 3. Nf3 Nf6 4. g3 Bb4 5. Bg2 Bxc3 6. bxc3 d5 7. cxd5 Nxd5
8. d4 Nxc3 9. Qd3 exd4 10. O-O Bg4 11. e3 Nb4 12. Qd2 Nbxa2 13. exd4 Bxf3 14.
Bxf3 O-O 15. Bb2 Nb5 16. Rxa2 c5 17. d5 h6 18. Bh5 Qg5 19. Qxg5 hxg5 20. Ba3
Nxa3 21. Rxa3 b5 22. Rc1 b4 23. Ra4 Rfc8 24. Bg4 Rc7 25. d6 Rc6 26. Bf3 Rxd6
27. Bxa8 a5 28. Rxc5 Rd1+ 29. Kg2 Rb1 30. Be4 Rb2 31. Rc8# 1-0

[Event "Idaho Closed"]
[Site "Boise, ID"]
[Date "2010.02.15"]
[Round "5.19"]
[White "Porth, Dylan"]
[Black "Min, Kathy"]
[Result "0-1"]
[WhiteElo "600"]
[BlackElo "868"]

1. e4 e5 2. Nf3 Nc6 3. Nc3 Nf6 4. Bb5 d6 5. Ng5 a6 6. Bc4 d5 7. exd5 Nd4 8.
O-O Bd6 9. Nge4 b5 10. Nxd6+ cxd6 11. Bd3 O-O 12. Be4 Nxe4 13. Nxe4 Bf5 14.
Ng3 Nxc2 15. Rb1 Ne3 16. Qh5 Nxf1 17. Nxf1 Bxb1 18. d3 Bxd3 19. Ng3 Rc8 20. h3
Rxc1+ 21. Kh2 Bg6 22. Qe2 Qa8 23. Qd2 Rfc8 24. Ne2 R8c2 25. Qe3 h6 26. Nxc1
Qxd5 27. Qa7 Rxc1 28. Qb8+ Kh7 29. b4 e4 30. Qa7 Qe5+ {#R} 0-1

[Event "Idaho Closed"]
[Site "Boise, ID"]
[Date "2010.02.15"]
[Round "6.14"]
[White "Porth, Dylan"]
[Black "Featherston, Scott"]
[Result "0-1"]
[WhiteElo "600"]
[BlackElo "815"]

1. e4 e5 2. Nf3 Qf6 3. d4 Nc6 4. Bg5 Qd6 5. Bb5 Nxd4 6. Nxd4 exd4 7. O-O Qe5
8. Qh5 g6 9. Qe2 Qxg5 10. Na3 Qe5 11. Nc4 Qe7 12. Qg4 c6 13. Ba4 b5 14. Bb3
bxc4 15. Bxc4 d5 16. exd5 Bxg4 17. Rfe1 Be6 18. dxe6 Qb4 19. exf7+ Kd7 20.
fxg8=Q Rxg8 21. Bxg8 Qxb2 22. Rac1 Qxa2 23. Bxa2 Bb4 24. Re6 Rf8 25. Rd1 c5
26. h3 a5 27. Bd5 Rf5 28. Bc6+ Kxe6 29. c3 Bxc3 30. g4 Rf4 31. g5 Kd6 32. Ba4
Rh4 33. Kg2 Rh5 34. Kg3 Rxg5+ 35. Kf4 Rf5+ 36. Ke4 Rxf2 37. h4 Re2+ 38. Kd3
Rh2 39. Be8 Rxh4 40. Rb1 Bb4 41. Bf7 g5 42. Rg1 g4 43. Bg8 h6 44. Bb3 Rh3+ 45.
Kc4 g3 46. Bc2 Rh2 47. Be4 h5 48. Kb5 Ke5 49. Ba8 h4 50. Ka6 d3 51. Bf3 c4 52.
Bh1 c3 53. Bf3 h3 54. Bg4 d2 55. Bf3 c2 56. Kb5 c1=Q 57. Rxc1 dxc1=Q 58. Be2
g2 59. Bc4 g1=Q 60. Kc6 Qc5+ 61. Kd7 Qd6+ 62. Ke8 Qe7# 0-1

[Event "WRW Progressive"]
[Site "Hailey, ID"]
[Date "2010.10.09"]
[Round "1.4"]
[White "Eacker, Barry D"]
[Black "Porth, Desmond"]
[Result "1-0"]
[WhiteElo "1600"]
[BlackElo "685"]

1. d4 d5 2. Bf4 Nc6 3. e3 Nf6 4. c3 Bf5 5. Bd3 Bxd3 6. Qxd3 e6 7. Nf3 Bd6 8.
Ne5 O-O 9. Nd2 Qe7 10. h4 g6 11. O-O-O a5 12. Rdg1 Rfb8 13. g4 b5 14. Nxc6 Qd7
15. Nxb8 Rxb8 16. h5 c5 17. hxg6 fxg6 18. dxc5 Bxf4 19. exf4 Qc6 20. Qd4 Nd7
21. Nf3 Nxc5 22. Ne5 Qa6 23. Nxg6 Nd7 24. Ne7+ Kf7 25. Rxh7+ Kf8 26. Qh8# 1-0

[Event "WRW Progressive"]
[Site "Hailey, ID"]
[Date "2010.10.09"]
[Round "2.4"]
[White "Porth, Desmond"]
[Black "Bruck, Nick Jon"]
[Result "0-1"]
[WhiteElo "685"]
[BlackElo "1041"]

1. d4 d5 2. e3 Nc6 3. Bd3 e5 4. f3 exd4 5. exd4 Nxd4 6. Be3 Qe7 7. Ne2 Nxc2+
8. Qxc2 Qxe3 9. Qd2 Qxd2+ 10. Nxd2 Bb4 11. Rc1 Bxd2+ 12. Kxd2 c6 13. g4 Ne7
14. Nf4 f5 15. Rhe1 fxg4 16. fxg4 Bxg4 17. Be2 Bxe2 18. Rxe2 Rf8 19. Nh5 Rf7
20. Kd3 O-O-O 21. Rc3 Rf3+ 22. Kd4 Rxc3 23. Kxc3 Nf5 24. b4 b5 25. Re5 Ne3 26.
Rxe3 d4+ 27. Kd3 dxe3+ 28. Kxe3 g6 29. Nf6 h6 30. Ke4 Rd2 31. h4 Rh2 32. Ke5
Rxh4 33. Kd6 Rxb4 34. Kxc6 Rb2 35. Ng4 Rxa2 36. Kxb5 Kc7 37. Nxh6 Rc2 38. Nf7
a6+ 39. Kxa6 Rb2 40. Ne5 g5 41. Ka5 Kd6 42. Nd3 Rb8 43. Nf2 Ke5 44. Nd3+ Kf5
45. Nf2 g4 46. Nxg4 Kxg4 47. Ka4 Kf4 48. Ka5 Ke4 49. Ka6 Kd4 50. Ka7 Rb1 51.
Ka6 Kc4 52. Ka5 Rb2 53. Ka6 Kc5 54. Ka5 Ra2# 0-1

[Event "WRW Progressive"]
[Site "Hailey, ID"]
[Date "2010.10.09"]
[Round "3.5"]
[White "Walton, Taylor"]
[Black "Porth, Desmond"]
[Result "1-0"]
[WhiteElo "802"]
[BlackElo "685"]

1. e4 e5 2. Nf3 Nc6 3. d4 d5 4. Bb5 Bg4 5. Bxc6+ bxc6 6. h3 Bh5 7. g4 Bg6 8.
exd5 Qxd5 9. Nc3 Bb4 10. Bd2 Bxc3 11. Bxc3 Qe4+ 12. Qe2 exd4 13. Bxd4 Ne7 14.
Bxg7 Rg8 15. Bd4 {(And at this point, the game becomes impossible to
reconstruct from the one score sheet that we have.--Roland)} {#r} 1-0